00557 2200193 4500001002100000005001500021008004100036020001800077035001900095041000700114082001900121090001400140100002400154245009300178260003500271300003100306500000600337650002000343INLIS00000000000615020241224113233241224||||||||| | ||| |||| || |  a979-462-818-2 0010-1224006150 aid0 a5/24/1901 0:00 a510 NUN m0 aNuniek Avianti Agus00aMudah belajar Matematika 3: untuk Kelas IX Sekolah Menengah Pertamna/Madrasah Tsanawiyah aJakartabPusat Perbukuanc2008 aviii,138 hlm ,;ilus.;28 cm a1 0aIlmu Matematika